Normal view MARC view

Entry Topical Term

Number of records used in: 1

001 - CONTROL NUMBER

  • control field: 249408

003 - CONTROL NUMBER IDENTIFIER

  • control field: MY-SjTCS

005 - DATE AND TIME OF LATEST TRANSACTION

  • control field: 20200306164311.0

008 - FIXED-LENGTH DATA ELEMENTS

  • fixed length control field: 200306|| aca||aabn | a|a d

040 ## - CATALOGING SOURCE

  • Original cataloging agency: MY-SjTCS
  • Transcribing agency: MY-SjTCS

150 ## - HEADING--TOPICAL TERM

  • Topical term or geographic name entry element: Radioactive waste disposal

670 ## - SOURCE DATA FOUND

  • Source citation: Work cat.: (MY-SjTCS)48943: National Research Council (U.S.). Committee on Improving Practices for Regulating and Managing Low-Activity Radioactive Wastes. 249407, Improving the regulation and management of low-activity radioactive wastes, c2006.